|
|
|
|
| LEADER |
00984nam a22002892a 4500 |
| 001 |
000192785 |
| 003 |
CZ BrMZK |
| 005 |
20141007134223.0 |
| 007 |
ta |
| 008 |
950101s1962 xr f cze d |
| 015 |
|
|
|a cnb000518795
|
| 035 |
|
|
|a (OCoLC)23551205
|
| 040 |
|
|
|a ABA001
|b cze
|c LIA001
|d ABA001
|
| 080 |
9 |
|
|a 885-311.2:63:334.6
|
| 100 |
1 |
|
|a Kříž, Ivan,
|d 1922-2020
|7 jk01070142
|4 aut
|
| 245 |
1 |
0 |
|a Velká samota /
|c Ivan Kříž ; doslov Jan Kristek
|
| 250 |
|
|
|a 3. vyd.
|
| 260 |
|
|
|a Praha :
|b Československý spisovatel,
|c 1962
|
| 300 |
|
|
|a 342 s.
|
| 490 |
1 |
|
|a Knihovna lidové četby ;
|v sv. 13
|
| 700 |
1 |
|
|a Kristek, Jan
|4 waw
|
| 830 |
|
0 |
|a Knihovna lidové četby
|
| 856 |
4 |
1 |
|u http://www.digitalniknihovna.cz/mzk/uuid/uuid:357dd5b0-75d1-11e2-86a5-005056827e52
|y Digitalizovaný dokument
|x NDK
|
| 910 |
|
|
|a BOA001
|b 2-0449.952-62
|
| 990 |
|
|
|a BK
|
| 991 |
|
|
|b 201302
|
| 996 |
6 |
|
|b 2619932392
|c 2-0449.952-62
|l MZK
|r Sklad / do 24 hodin
|n 1
|w 000192785
|u 000010
|a 1
|e BOA001
|j MZK50
|s P
|